<?xml version="1.0" encoding="UTF-8"?>
<collection xmlns="http://www.loc.gov/MARC21/slim">
 <record>
  <leader>     na                 </leader>
  <controlfield tag="001">INLIS000000001163442</controlfield>
  <controlfield tag="005">20231026032642</controlfield>
  <datafield tag="035" ind1=" " ind2=" ">
   <subfield code="a">0010-1023000009</subfield>
  </datafield>
  <controlfield tag="007">ta</controlfield>
  <controlfield tag="008">231026                g          0 ind  </controlfield>
  <datafield tag="020" ind1=" " ind2=" ">
   <subfield code="a">978-623-321-235-9</subfield>
  </datafield>
  <datafield tag="082" ind1=" " ind2=" ">
   <subfield code="a">959.8</subfield>
  </datafield>
  <datafield tag="084" ind1=" " ind2=" ">
   <subfield code="a">SR 959.8 POE m</subfield>
  </datafield>
  <datafield tag="100" ind1="0" ind2=" ">
   <subfield code="a">Poeze, Harry</subfield>
   <subfield code="e">penulis</subfield>
  </datafield>
  <datafield tag="245" ind1="1" ind2=" ">
   <subfield code="a">Merdeka :</subfield>
   <subfield code="b">perang kemerdekaan dan kebangkitan republik yang tak pasti (1945-1950) /</subfield>
   <subfield code="c">Harry Poeze, Henk Schulte Nordholt, penerjemah, Susi Moeimam, Nurhayu Santoso, Maya Sutedja-Liem</subfield>
  </datafield>
  <datafield tag="250" ind1=" " ind2=" ">
   <subfield code="a">Cetakan I, 2023</subfield>
  </datafield>
  <datafield tag="300" ind1=" " ind2=" ">
   <subfield code="a">xxvi, 506 halaman :</subfield>
   <subfield code="b">ilustrasi ;</subfield>
   <subfield code="c">24 cm</subfield>
  </datafield>
  <datafield tag="650" ind1=" " ind2="4">
   <subfield code="a">Indonesia -- Sejarah -- Revolusi, 1945-1950</subfield>
  </datafield>
  <datafield tag="700" ind1="0" ind2=" ">
   <subfield code="a">Henk Schulte Nordholt</subfield>
   <subfield code="e">penulis</subfield>
  </datafield>
  <datafield tag="700" ind1="0" ind2=" ">
   <subfield code="a">Susi Moeimam</subfield>
   <subfield code="e">penerjemah</subfield>
  </datafield>
  <datafield tag="700" ind1="0" ind2=" ">
   <subfield code="a">Nurhayu Santoso</subfield>
   <subfield code="e">penerjemah</subfield>
  </datafield>
  <datafield tag="700" ind1="0" ind2=" ">
   <subfield code="a">Maya Sutedja-Liem</subfield>
   <subfield code="e">penerjemah</subfield>
  </datafield>
  <datafield tag="520" ind1=" " ind2=" ">
   <subfield code="a">Pada tahun 1945, di bawah semboyan &quot;Merdeka!&quot;, Republik Indonesia terlibat dalam perang kemerdekaan yang ujung akhirnya tidak dapat diramalkan. Harry Poeze dan Henk Schulte Nordholt menceritakan kisah baru tentang revolusi yang terutama membahas selain perjuangan melawan Belanda juga kebangkitan Republik yang tak pasti. &#13;
Setelah mengalami kekejaman pada masa pendudukan Jepang, para pemimpin Republik harus membangun pemerintah yang baru. Di pihak Belanda, mereka harus berhadapan dengan para politikus berwawasan sempit dan tentara-tentara yang suka perang. Di kalangannya sendiri, Republik harus menghadapi pemuda yang punya kehendak sendiri tetapi siap berjuang, pemimpin militer yang otonom, federalis konservatif, komunis revolusioner dan muslim radikal. Kudeta, perang saudara, dan serangan Belanda mengancam eksistensi Republik. Oleh karena itu kemenangan yang akhirnya dicapai oleh para pemimpin Indonesia merupakan keajaiban besar dalam revolusi.</subfield>
  </datafield>
  <datafield tag="264" ind1=" " ind2=" ">
   <subfield code="a">Jakarta :</subfield>
   <subfield code="b">Yayasan Pustaka Obor Indonesia,</subfield>
   <subfield code="c">2023</subfield>
  </datafield>
  <datafield tag="336" ind1=" " ind2=" ">
   <subfield code="2">rdacontent</subfield>
   <subfield code="a">teks</subfield>
  </datafield>
  <datafield tag="337" ind1=" " ind2=" ">
   <subfield code="2">rdamedia</subfield>
   <subfield code="a">tanpa perantara</subfield>
  </datafield>
  <datafield tag="338" ind1=" " ind2=" ">
   <subfield code="2">rdacarrier</subfield>
   <subfield code="a">volume</subfield>
  </datafield>
  <datafield tag="500" ind1=" " ind2=" ">
   <subfield code="a">Indeks</subfield>
  </datafield>
  <datafield tag="990" ind1=" " ind2=" ">
   <subfield code="a">52254.65074</subfield>
  </datafield>
 </record>
</collection>
